| 000 | 00886nam a22002417a 4500 | ||
|---|---|---|---|
| 999 |
_c14628 _d14628 |
||
| 003 | AR-CdUCM | ||
| 008 | 190424b ||||| |||| 00| 0 spa d | ||
| 020 | _a978-1-4127-0165-5 | ||
| 040 |
_aMUNICIPALIDAD PROVINCIAL DEL CUSCO _cBIBLIOTECA MUNICIPAL DEL CUSCO |
||
| 082 |
_aPI / 803 / _bG66 |
||
| 100 |
_aGoldenberg, Dorothea _933483 |
||
| 245 | _aEl tesoro de los cuentos de Hadas / | ||
| 260 |
_aChicago : _bPublications International, _c2016. |
||
| 300 |
_a383 páginas ; _bIlustraciones, _c23 cm. |
||
| 505 | _aContenido: La bella y la Bestia -- Rapunzel -- Aladino -- La bella durmiente -- Cenicienta -- La princesa y el guisante ... | ||
| 650 |
_aCuentos infantiles _93927 |
||
| 650 |
_aliteratura infantil _9588 |
||
| 650 |
_aPrincesas y príncipes _933484 |
||
| 650 |
_aHadas _931361 |
||
| 700 |
_aKillion, Bette _933485 |
||
| 942 |
_2ddc _cLIBROS |
||
| 945 |
_acmm _d2019-04-24 |
||